Tourism Concept and Principles/ (Record no. 149877)

MARC details
000 -LEADER
fixed length control field 00633nam a22001817a 4500
005 - DATE AND TIME OF LATEST TRANSACTION
control field 20231130143400.0
010 ## - LCCN (DPL NO)
LC control number ENG-135871
020 ## - INTERNATIONAL STANDARD BOOK NUMBER
Terms of availability 1250.00
International Standard Book Number 9789394290181
035 ## - SYSTEM CONTROL NUMBER
System control number EN-119403
037 ## - SOURCE OF ACQUISITION
Source of stock number/acquisition DBAD/PUB
082 ## - DEWEY DECIMAL CLASSIFICATION NUMBER
Classification number 338.4791
100 ## - MAIN ENTRY--PERSONAL NAME
Personal name Dr. R.J. Singh
245 ## - TITLE STATEMENT
Title Tourism Concept and Principles/
Statement of responsibility, etc by Dr. R.J. Singh
260 ## - PUBLICATION, DISTRIBUTION, ETC. (IMPRINT)
Place of publication, distribution, etc Shahdara
Name of publisher, distributor, etc Bule Ink International Publishers & Distributors
Date of publication, distribution, etc 2022
270 ## - ADDRESS
Address 1/11137, Top Floor, Lane No. 10 Near Kirti Mandir, Subhash Park,
City Delhi
Postal code 110032
Electronic mail address buleinkipd2021@gmail.com
300 ## - PHYSICAL DESCRIPTION
Extent 208p.
Other physical details 21cm(HB)
942 ## - ADDED ENTRY ELEMENTS (KOHA)
Source of classification or shelving scheme Dewey Decimal Classification
Item type English Books
Classification part 338.4791
Call number suffix RJS
Holdings
Withdrawn status Lost status Not for loan Collection code Home library Current library Date acquired Source of acquisition Cost, normal purchase price Full call number Barcode Copy number Cost, replacement price Koha item type
    Not For Loan Fiction D.B.Act.Division Bawana 12/02/2018 DBAD/PUB 95.00 881 SAH EN-105770 1 95.00 English Books
      Non-fiction Vinoba Puri Vinoba Puri 15/12/2022 DBAD/PUB 1250.00 338.4791 RJS EN-119403 1 1250.00 English Books

© Delhi Public Library
Hit Counter
free hit counter